Amsterdam, but not Ajax - Statistics

General Stats
  • This quiz has been taken 12 times
  • The average score is 2 of 15
Answer Stats
Played, among others, for Answer % Correct
Milan, Dutch XI Ruud Gullit
90%
PSG, Dutch XI Xavi Simons
20%
Real Madrid, Spanish XI Dean Huijsen
10%
Roda JC, Dutch XI Jan Jongbloed
10%
Barcelona, Dutch XI Jordi Cruyff
10%
MSV Duisburg Kees Bregman
10%
Go Ahead Eagles Michel Boerebach
10%
Feyenoord, Dutch XI Nico Jansen
10%
Feyenoord, Dutch XI Rinus Israel
10%
Anderlecht, Dutch XI Rob Rensenbrink
10%
Feyenoord Gerard van der Lem
0%
PSV, Dutch XI Jan van Beveren
0%
Real Madrid, Dutch XI John Metgod
0%
FC Twente, Dutch XI Niels Overweg
0%
Los Angeles Aztecs Thomas Rongen
0%
No matching quizzes found
Score Distribution
Percent of People with Each Score
Percentile by Number Answered
Your Score History
You have not taken this quiz